| 000 | 00418 a2200157 4500 | ||
|---|---|---|---|
| 020 | _a8120324293 | ||
| 040 |
_aDLC _bDLC |
||
| 082 | _a621.382 | ||
| 100 | _aNIIT | ||
| 245 |
_aBasics of Electronic Communications _cNIIT |
||
| 260 |
_aNew Delhi : _bPrentice-Hall of India Ltd., _c2004. |
||
| 300 |
_axi, 377 p. : _bill. _c25 cm. |
||
| 500 | _aIncludes Index | ||
| 650 | _aTelecommunication | ||
| 942 |
_cBK _k621.382 NII _2ddc |
||
| 999 |
_c8159 _d8159 |
||